Castes and Tribes of Southern India(Vols7) (Record no. 547318)

MARC details
000 -LEADER
fixed length control field 00532nam a2200193Ia 4500
008 - FIXED-LENGTH DATA ELEMENTS--GENERAL INFORMATION
fixed length control field 240825s9999 xx 000 0 und d
020 ## - INTERNATIONAL STANDARD BOOK NUMBER
ISBN 9788180942075
Paper back/Hardbound hbk
041 ## - LANGUAGE CODE
Language code of text/sound track or separate title eng
082 ## - DEWEY DECIMAL CLASSIFICATION NUMBER
Classification number 305.5
Item number THU
100 ## - MAIN ENTRY--AUTHOR NAME
Personal name Thurston, Edgar
245 #0 - TITLE STATEMENT
Title Castes and Tribes of Southern India(Vols7)
Statement of responsibility, etc /Edgar Thurston, C.I.E.,
250 ## - EDITION STATEMENT
Edition statement 1st edition
260 ## - PUBLICATION, DISTRIBUTION, ETC. (IMPRINT)
Name of publisher MJP
Year of publication 2023
Place of publication Chennai
300 ## - PHYSICAL DESCRIPTION
Number of Pages 227 pages
Dimensions 24 cm
504 ## - BIBLIOGRAPHY, ETC. NOTE
Bibliography, etc Includes index
650 ## - SUBJECT ADDED ENTRY--TOPICAL TERM
Topical Term Caste and Tribes of Southern India
942 ## - ADDED ENTRY ELEMENTS (KOHA)
Koha item type English Books
Holdings
Withdrawn status Lost status Damaged status Not for loan Home library Current library Shelving location Date acquired Full call number Accession Number Price effective from Koha item type
        Anna Centenary Library Anna Centenary Library 3RD FLOOR, B WING 30.05.2024 305.5 THU 688843 25.08.2024 Reference

Find us on the map